000 00582nam a22001697a 4500
999 _c15025
_d15025
008 200206b ||||| |||| 00| 0 eng d
020 _a9715420656
082 _21996
_aDFil 320
_bAg7a
100 _aAgpalo, Remigio E.
_eAuthor
_941698
245 _aAdventures in Political Science;
_cRemigio E. Agpalo
250 _aRevised edition
260 _aQuezon City
_bThe University of Philippine Press
_c ©1996
300 _aix, 493 pages:
_billustrations
_c26 cm.
500 _aIncludes bibliography, index
650 _aPhilippines -- Politics and government
_941699
942 _2ddc
_cDFIL